| 000 | 00895cam a22003017a 4500 | ||
|---|---|---|---|
| 003 | CHAP | ||
| 005 | 20220329141716.0 | ||
| 008 | 971013s1976 r 00010 d | ||
| 010 | _a72589 | ||
| 011 | _a73561 | ||
| 035 | _a83119 | ||
| 040 | _cCHAP | ||
| 082 |
_a581.8733 _bB3 |
||
| 100 | 0 | 0 |
_aBarber, James. _910097 |
| 245 | 1 | 4 | _aThe intact chloroplast |
| 260 |
_aNew York : _bElsevier, _c1976 |
||
| 300 |
_av. _b: ilus. ; gráfs. |
||
| 490 | 0 |
_aTopics in photosynthesis _v; 1 |
|
| 500 | _aLa biblioteca tiene : v.1 | ||
| 590 |
_aBATCH-UPD _b10 _c20130110 _lUCH01 _h0416 |
||
| 590 |
_aBATCH-UPD _b10 _c20130110 _lUCH01 _h2138 |
||
| 590 |
_aCONVERSION _b10 _c20130109 _lUCH01 _h1340 |
||
| 650 | 1 | 4 |
_aCloroplastos. _923901 |
| 830 | 0 |
_aTopics in photosynthesis _v; 1 _9113903 |
|
| 901 | _aBK | ||
| 942 | _cLIBRO | ||
| 949 |
_a581.8733 B3 _bBC _cLIBRO _d33724000451175 _eLIBRO _h34400 _i83119 _si _t14.10 |
||
| 999 |
_c72589 _d72589 |
||